000
00344nam a22001577a 4500
003
OSt
008
250501b |||||||| |||| 00| 0 eng d
020
_a
9781035015313
100
_a
KING,Vex
245
_a
Closer To Love
250
_a
1st
260
_a
London
_b
Blue Bird Books
_c
2023
300
_a
325
650
_a
General
942
_2
ddc
_c
BK
999
_c
13488
_d
13488